[Event "Gothenburg op"]
[Site "Gothenburg"]
[Date "2016.08.20"]
[Round "6"]
[White "Antonsen, Mikkel"]
[Black "Arduin, Antoine"]
[Result "1/2-1/2"]
[WhiteElo "2475"]
[BlackElo "2150"]
[PlyCount "130"]
[EventDate "2016.08.19"]
[EventType "swiss"]
[EventRounds "8"]
[EventCountry "SWE"]
[SourceTitle "CBM 174 Extra"]
[Source "ChessBase"]
[SourceDate "2016.10.10"]
[SourceVersion "1"]
[SourceVersionDate "2016.10.10"]
[SourceQuality "1"]

1. d4 Nf6 2. c4 e6 3. Nf3 b6 4. g3 Ba6 5. Nbd2 c6 6. e4 d5 7. e5 Nfd7 8. cxd5 cxd5 9. Bxa6 Nxa6 10. 0-0 Be7 11. Ne1 b5 12. h4 Qb6 13. Ndf3 0-0 14. Bg5 f6 15. exf6 Bxf6 16. Be3 Nb4 17. a3 Nc6 18. Ng2 Rfe8 19. Nf4 Qb8 20. Nh5 Qd6 21. Nxf6+ Nxf6 22. Bf4 Qd7 23. Qd3 a6 24. Rac1 Rec8 25. Rc2 Na5 26. Ne5 Qe8 27. Rfc1 Nc4 28. b3 Nxa3 29. Rc7 Rxc7 30. Rxc7 Rc8 31. Ra7 Ra8 32. Rxa8 Qxa8 33. Qc3 Qb7 34. Qc5 b4 35. Qd6 Qc8 36. Qe7 Qe8 37. Qxb4 Nb5 38. Qc5 h6 39. Kg2 Ne4 40. Qb6 Qc8 41. Be3 Kh7 42. h5 Nbc3 43. Qc6 Qxc6 44. Nxc6 g6 45. Nd8 gxh5 46. Nxe6 a5 47. f3 Nd6 48. Bd2 Ndb5 49. Kf2 a4 50. bxa4 Nxa4 51. Ke3 Nb2 52. Bb4 Nc4+ 53. Kd3 Nb2+ 54. Ke2 Kg6 55. Kf1 Kf5 56. Ng7+ Kg6 57. Ne6 Kf5 58. Nf4 Nxd4 59. Bc3 Nxf3 60. Bxb2 Kg4 61. Ne2 h4 62. gxh4 Nxh4 63. Kf2 Nf5 64. Be5 h5 65. Nd4 Nxd4 1/2-1/2

[Event "Gothenburg op"]
[Site "Gothenburg"]
[Date "2016.08.20"]
[Round "5"]
[White "Arduin, Antoine"]
[Black "Ernst, Thomas"]
[Result "1-0"]
[WhiteElo "2150"]
[BlackElo "2357"]
[PlyCount "97"]
[EventDate "2016.08.19"]
[EventType "swiss"]
[EventRounds "8"]
[EventCountry "SWE"]
[SourceTitle "CBM 174 Extra"]
[Source "ChessBase"]
[SourceDate "2016.10.10"]
[SourceVersion "1"]
[SourceVersionDate "2016.10.10"]
[SourceQuality "1"]

1. d4 Nf6 2. c4 e6 3. Nc3 Bb4 4. e3 0-0 5. Nge2 d5 6. a3 Be7 7. cxd5 exd5 8. g3 c6 9. Bg2 Bf5 10. 0-0 Re8 11. f3 Bf8 12. g4 Bd7 13. g5 Nh5 14. e4 dxe4 15. fxe4 Bg4 16. h3 Bxe2 17. Nxe2 g6 18. Be3 Na6 19. Qb3 Qd7 20. Rf2 Re7 21. Raf1 Bg7 22. e5 Qe6 23. d5 Qxe5 24. Bd4 Qxd4 25. Nxd4 Bxd4 26. dxc6 bxc6 27. Qc4 Bxf2+ 28. Rxf2 Nc7 29. Bxc6 Rd8 30. Qc5 Kf8 31. Qxa7 Ng3 32. Kh2 Nf5 33. a4 Ne6 34. Qb6 Rd6 35. b4 Kg7 36. b5 Nxg5 37. Qc5 Ne6 38. Qc3+ Ned4 39. a5 Re3 40. Qa1 f6 41. a6 Nxc6 42. bxc6 Rdd3 43. Rxf5 gxf5 44. Qg1+ Kf7 45. Qg2 Ra3 46. c7 Rec3 47. c8Q Rxc8 48. Qb7+ Kg6 49. Qxc8 1-0

[Event "Gothenburg op"]
[Site "Gothenburg"]
[Date "2016.08.19"]
[Round "2"]
[White "Greenfeld, Alon"]
[Black "Arduin, Antoine"]
[Result "1-0"]
[WhiteElo "2568"]
[BlackElo "2150"]
[PlyCount "69"]
[EventDate "2016.08.19"]
[EventType "swiss"]
[EventRounds "8"]
[EventCountry "SWE"]
[SourceTitle "CBM 174 Extra"]
[Source "ChessBase"]
[SourceDate "2016.10.10"]
[SourceVersion "1"]
[SourceVersionDate "2016.10.10"]
[SourceQuality "1"]

1. d4 Nf6 2. Nf3 e6 3. c4 b6 4. a3 Bb7 5. Nc3 d5 6. cxd5 Nxd5 7. e3 Be7 8. Bb5+ c6 9. Bd3 0-0 10. Qc2 h6 11. 0-0 c5 12. e4 Nxc3 13. bxc3 Nc6 14. Bb2 Rc8 15. Qe2 cxd4 16. cxd4 Na5 17. Rad1 Qc7 18. Ne5 Bd6 19. Ng4 Qe7 20. e5 Bxa3 21. Bxa3 Qxa3 22. Nxh6+ gxh6 23. Qg4+ Kh8 24. Qh4 Kg7 25. Qf6+ Kg8 26. Qxh6 f5 27. exf6 Rf7 28. Qg5+ Kf8 29. Bg6 Rcc7 30. Rd3 Qd6 31. Rh3 Ke8 32. Rh8+ Kd7 33. Bxf7 Kc6 34. Rc1+ Kd7 35. Be8+ 1-0

[Event "Paleochora op 8th"]
[Site "Paleochora"]
[Date "2015.07.18"]
[Round "3"]
[White "Arduin, Antoine"]
[Black "Theodorou, Nikolas"]
[Result "0-1"]
[WhiteElo "2147"]
[BlackElo "2338"]
[PlyCount "92"]
[EventDate "2015.07.17"]
[EventType "swiss"]
[EventRounds "9"]
[EventCountry "GRE"]
[SourceTitle "CBM 167 Extra"]
[Source "ChessBase"]
[SourceDate "2015.09.14"]
[SourceVersion "1"]
[SourceVersionDate "2015.09.14"]
[SourceQuality "1"]

1. e4 c5 2. Ne2 d6 3. g3 Nc6 4. Bg2 h5 5. d4 cxd4 6. Nxd4 Bd7 7. Nc3 h4 8. Bg5 hxg3 9. hxg3 Rxh1+ 10. Bxh1 Qb6 11. Ndb5 Rc8 12. Be3 Qa5 13. a3 Nf6 14. b4 Qd8 15. Nd5 e6 16. Nxa7 exd5 17. Nxc8 Qxc8 18. exd5 Ne5 19. Bf4 Bb5 20. Qd2 Qg4 21. Qe3 Qh5 22. Bg2 Qh2 23. Bxe5 dxe5 24. Qxe5+ Kd7 25. Qf5+ Kd8 26. Qh3 Qg1+ 27. Bf1 Ne4 28. Qg2 Qxg2 29. Bxg2 Nc3 30. Kd2 Bd6 31. Re1 Na4 32. Ke3 Nb2 33. Kd4 Nc4 34. Bf1 Nxa3 35. Bxb5 Nxc2+ 36. Kc3 Nxe1 37. Be2 Ke7 38. b5 Bc5 39. f4 Kd6 40. Bc4 Ng2 41. Kd3 Ne3 42. Bb3 Nxd5 43. Ke4 Nf6+ 44. Kf5 Ke7 45. g4 Bd4 46. g5 g6# 0-1